Statistics for Country Subdivision Flags #1

Click here to take the quiz!

General Stats

  • This quiz has been taken 33 times
  • The average score is 8 of 12

Answer Stats

Answer% Correct
Scotland
96%
Bavaria
93%
Aruba
81%
Basque Country
74%
Brittany
74%
Sāo Paulo
70%
Zanzibar
70%
New South Wales
52%
Utah
52%
Bremen
48%
Veneto
48%
Moravia
37%

Score Distribution

Percentile by Number Answered

Percent of People with Each Score

Your Score History

You have not taken this quiz